00787nam a2200205 i 4500003000400000005001700004008004100021020002900062040002500091082001700116100005500133245016000188264006700348300004200415336002100457337002500478338002300503650002700526700002800553OSt20240619130351.0160506s2014 my a e 000 0 may d a9789831249130qpaperback aPPAKbengcPPAKerda04223a616.002 0 aMohd Azreen Ezairy Mohamad Sallih, cDr.,eauthor.10a55 SOAL JAWAB PENYAKIT : bBERSAMA DR. EZAIRY Merungkai satu per satu PERMASALAHAN PENYAKIT /cDr. Mohd Azreen Ezairy Mohamad Sallih ; Editor Syamel Yusoff 1aShah Alam, Selangor : bGRUP BUKU KARANGKRAF SDN. BHD., c2014 a245 pages : billustrations ; c22 cm atext2rdacontent aunmediated2rdamedia avolume2rdacarrier10aDiseases vMiscellanea0 aSyamel Yusoff,eeditor.